=LDR 00000nam 2200000 4500 =001 INLIS000000000011959 =005 20130612103515 =008 ***********************************Ind** =035 ##$$0010-061300000011959 =041 ##$$a Ind =082 ##$$a 418.02 =090 ##$$a 418.02, Yus t =100 ##$$a Yusuf, Suhendra =245 ##$$a Teori terjemah, pengantar kearah Pendekatan Liguistik dan sosioliguistik, Suhendra Yusuf =260 ##$$a 1994 $b Bandung =650 ##$$a Linguistik =650 ##$$a Teori Terjemahan =850 ##$$a NBPNMAT